000 03624cam a22006974i 4500
003 PE-LiUPU
005 20250731180145.0
008 150625s2011 sp a rb 000 0 spa d
020 _a8497321782
020 _a9788497321785
035 _a(Sirsi) i9788497321785
040 _aPE-LiUPU
_bspa
_cPE-LiUPU
_erda
082 0 4 _a577.27
_bO74c
_220
100 1 _aOrozco Barrenetxea, Carmen,
_eautor.
245 0 0 _aContaminación ambiental :
_buna visión desde la química /
_cCarmen Orozco Barrenetxea [y otros cuatro].
264 1 _aMadrid :
_bParaninfo Cengage Learning,
_c2003.
300 _a682 páginas :
_bilustraciones ;
_c24 centímetros.
300 _a2 CD-ROM
336 _atext
_2rdacontent
337 _aunmediated
_2rdamedia
338 _avolume
_2rdacarrier
504 _aIncluye bibliografía.
505 0 _aEl agua: generalidades -- Características de las aguas naturales -- Contaminación del agua -- Algunos contaminantes específicos -- El aire: Atmósfera -- Conceptos básicos -- Química de la troposfera: contaminación del aire -- Contaminantes atmosféricos -- Control de la contaminación atmosférica -- Dispersión de contaminantes en la atmósfera -- Efecto invernadero -- Contaminación estratosférica: Disminución de la capa de ozono -- Calidad del aire y legislación -- Los residuos -- Normativa -- Residuos urbanos -- Tratamiento de residuos urbanos -- Residuos industriales -- Residuos agrarios -- Residuos sanitarios -- Residuos radiactivos -- Contaminación del suelo.
526 _aSEG44
526 _aSEG26
526 _aP159
526 _aP155
526 _aP154
526 _aP153
526 _aP150
526 _aP100
526 _aP31
526 _aP30
526 _aP26
526 _aP25
526 _aP24
526 _aP22
526 _aP15
526 _aP10
650 0 4 _aContaminación.
650 0 0 _aQuímica del medio ambiente
_91971
700 1 _aAlfayate Blanco, José Marcos,
_eautor.
700 1 _aGonzales Delgado, Ma. Nieves,
_eautor.
700 1 _aPérez Serrano, Antonio,
_eautor.
700 1 _aRodríguez Vidal, Francisco J.,
_eautor.
910 _agl
910 _adbm
942 _2ddc
_cBK
949 _a628.5 O71 2008
_wDEWEY
_c1
_i58788
_lCCODEBUL1
_mBUL
_p57.00
_r0
_sY
_tBOOK
_u2015-6-25
_xINGENIERIA
_0COMPRA
_o.STAFF. Colección General
949 _a628.5 O71 2008
_wDEWEY
_c2
_i62929
_d2015-11-10
_e2015-11-9
_lCCODEBUL1
_mBUL
_n3
_p69.00
_r0
_sY
_tBOOK
_u2015-6-25
_xINGENIERIA
_0COMPRA
_o.STAFF. Colección General
949 _a628.53 O71 2003
_wDEWEY
_c1
_iFT02694
_lCCODEBUT1
_mBUT
_p{Dolar}65.00
_r0
_sY
_tBOOK
_u2017-06-06
_xFIA
_0COMPRA
_o.STAFF. Colección General Tarapoto
949 _a628.53 O71 2003
_wDEWEY
_c2
_iFT02393
_lCCODEBUT1
_mBUT
_p{Dolar}65.00
_r0
_sY
_tBOOK
_u2017-06-06
_xFIA
_0COMPRA
_o.STAFF. Colección General Tarapoto
949 _a504.064 O71 2011
_wDEWEY
_c1
_iFJ05622
_lCCODEBUJ1
_mBUJ
_p85.00
_r0
_sY
_tBOOK
_u2017-03-10
_xINGENIERIA
_o.STAFF -- Colección General Juliaca
949 _a504.064 O71 2011
_wDEWEY
_c2
_iFJ05623
_lCCODEBUJ1
_mBUJ
_p85.00
_r0
_sY
_tBOOK
_u2017-03-10
_xINGENIERIA
_o.STAFF -- Colección General Juliaca
949 _a504.064 O71 2011
_wDEWEY
_c3
_iFJ05624
_lCCODEBUJ1
_mBUJ
_p85.00
_r0
_sY
_tBOOK
_u2017-03-10
_xINGENIERIA
_o.STAFF -- Colección General Juliaca
980 _81
_gALBERTO SANCHEZ Responsable de Automatización
999 _c52712
_d52712